000 00673nam a2200169 i 4500
001 156232
003 ES-MaACL
005 20230906210343.0
008 990923s1884 sp |||| | spa d
100 1 _aJamin, Jules-Célestin.
_9128266
245 1 3 _aEl calor es un movimiento molecular /
_cpor J. Jamin ; traducción del Semanario Farmacéutico.
260 _aMadrid :
_b[s.n.],
_c1884 (
_fEscuela Tipográfica del Hospicio)
300 _a12 p. ;
_c18 cm.
650 4 _aCalor.
_9135711
852 _aES-MaACL
_jT-468-F-17
_z- Enc. hol.
_z- Enc. en un vol. facticio
852 _aES-MaACL
_jT-674-F-5
_z- Enc. hol., conservando la enc. editorial
_z- Enc. en un vol. facticio
999 _c156232
_d156232